| 000 | 004570000a22001810004500 | ||
|---|---|---|---|
| 003 | MACL | ||
| 005 | 20150930144124.0 | ||
| 008 | 150930b xxu||||| |||| 00| 0 eng d | ||
| 040 |
_aMACL _cMACL |
||
| 041 | _aEnglish | ||
| 082 | _a891/BHU | ||
| 100 |
_aBhuyan, Surya Kumar _912881 |
||
| 245 | _aStudies In The Literature Of Assam | ||
| 260 |
_bOmsons Publications _c1985 _aNew Delhi |
||
| 350 | _a105 | ||
| 650 |
_aLiterature _912882 |
||
| 942 |
_cBK _k891 _2ddc |
||
| 999 |
_c6258 _d6258 |
||